Statistics for Countries That Have Controlled Holland

Click here to take the quiz!

General Stats

  • This quiz has been taken 325 times
  • The average score is 13 of 30

Answer Stats

YearsCountry% Correct
900-963Germany
96%
1941-1945Germany
96%
1810-1815France
94%
1573-1810Netherlands
91%
BC-260Roman Empire
89%
273-395Roman Empire
89%
1557-1573Spain
89%
395-410Western Roman Empire
89%
1815-1941Netherlands
86%
1945-PresentNetherlands
86%
963-1485Holy Roman Empire
50%
1485-1557Austria
48%
674-676Franks
32%
680-716Franks
32%
410-514Franks
32%
721-768Franks
32%
772-843Franks
32%
559-561Franks
32%
613-640Franks
32%
884-890Franks
32%
260-273Gallic Empire
12%
890-900East Francia
9%
870-884East Francia
9%
843-870Lotharingia
6%
640-674Neustria
5%
676-680Neustria
5%
561-613Neustria
5%
514-559Neustria
5%
716-721Neustria
5%
768-772Neustria
5%

Score Distribution

Percentile by Number Answered

Percent of People with Each Score

Your Score History

You have not taken this quiz